000 00898cam a2200289 a 4500
005 20260322212058.0
008 data
010 _a 2010054486
020 _a9781593578565 (pbk. : alk. paper)
020 _a1593578563
040 _aDLC
_cDLC
_dDLC
_dBTCTA
_dYDXCP
_dCDX
_dQBX
_dDLC
042 _apcc
050 0 0 _aHF5383
_b.F32 2011
082 0 0 _a650.14/2
_222
092 _a650.14 F32 2011
100 1 _aFarr, J. Michael.
245 1 4 _aThe quick resume & cover letter book :
_bwrite and use an effective resume in only one day /
_cJ. Michael Farr.
246 3 _aQuick resume and cover letter book
250 _a5th ed.
260 _aIndianapolis, IN :
_bJIST Works,
_cc2011.
300 _axii, 404 p. :
_bill. ;
_c24 cm.
500 _aIncludes index.
504 _aIncludes bibliographical references and index.
650 0 _aRésumés (Employment)
650 0 _aCover letters.
001 data
999 _c1396
_d1396